[Event "Russiablitzwomen"]
[Site "?"]
[Date "2016.10.04"]
[Round "19.2"]
[White "Bodnaruk, Anastasia"]
[Black "Pustovoitova, Daria"]
[Result "1-0"]
[LiveChessVersion "1.4.4"]
[BlackElo "2405"]
[WhiteElo "2386"]

1. e4 {[%clk 0:03:04]} e6 {[%clk 0:03:03]} 2. d4 {[%clk 0:03:05]} d5
{[%clk 0:03:05]} 3. Nc3 {[%clk 0:03:06]} Bb4 {[%clk 0:03:05]} 4. e5
{[%clk 0:03:07]} Ne7 {[%clk 0:03:06]} 5. a3 {[%clk 0:03:06]} Bxc3+
{[%clk 0:03:07]} 6. bxc3 {[%clk 0:03:08]} b6 {[%clk 0:03:08]} 7. Qg4
{[%clk 0:03:07]} Ng6 {[%clk 0:03:09]} 8. h4 {[%clk 0:03:08]} h5 {[%clk 0:03:10]}
9. Qd1 {[%clk 0:03:09]} Ba6 {[%clk 0:03:11]} 10. Bxa6 {[%clk 0:03:07]} Nxa6
{[%clk 0:03:12]} 11. Bg5 {[%clk 0:03:05]} Qd7 {[%clk 0:03:12]} 12. Ne2
{[%clk 0:02:48]} Ne7 {[%clk 0:02:54]} 13. Nf4 {[%clk 0:02:30]} g6
{[%clk 0:02:50]} 14. Bf6 {[%clk 0:02:29]} Rg8 {[%clk 0:02:49]} 15. g4
{[%clk 0:02:29]} hxg4 {[%clk 0:02:47]} 16. Qxg4 {[%clk 0:02:29]} O-O-O
{[%clk 0:02:42]} 17. a4 {[%clk 0:02:19]} Nb8 {[%clk 0:02:35]} 18. a5
{[%clk 0:02:18]} Nbc6 {[%clk 0:02:36]} 19. axb6 cxb6 {[%clk 0:02:36]} 20. Nd3
{[%clk 0:02:04]} Kb7 {[%clk 0:01:50]} 21. Kd2 {[%clk 0:02:02]} Rb8
{[%clk 0:01:49]} 22. Rhb1 {[%clk 0:02:01]} Ka8 {[%clk 0:01:50]} 23. Qd1
{[%clk 0:01:33]} Nf5 {[%clk 0:01:50]} 24. Qc1 {[%clk 0:01:26]} Rgc8
{[%clk 0:01:51]} 25. Ra3 {[%clk 0:01:01]} Qc7 {[%clk 0:01:45]} 26. Ke2
{[%clk 0:00:58]} Na5 {[%clk 0:01:39]} 27. Rb4 {[%clk 0:00:54]} Nc4
{[%clk 0:01:32]} 28. Ra2 {[%clk 0:00:45]} a5 {[%clk 0:01:22]} 29. Qa1
{[%clk 0:00:41]} Rb7 {[%clk 0:01:21]} 30. Rb5 {[%clk 0:00:37]} Kb8
{[%clk 0:01:12]} 31. Qb1 {[%clk 0:00:33]} Qd7 {[%clk 0:01:12]} 32. Ra1 Qe8
{[%clk 0:01:12]} 33. Nc5 {[%clk 0:00:16]} Ra7 {[%clk 0:01:10]} 34. Rxb6+
{[%clk 0:00:17]} Nxb6 {[%clk 0:01:10]} 35. Qxb6+ {[%clk 0:00:18]} Ka8
{[%clk 0:01:10]} 36. Rxa5 {[%clk 0:00:19]} Rcc7 {[%clk 0:01:09]} 37. Qxc7
{[%clk 0:00:19]} 1-0

[Event "Russiablitzwomen"]
[Site "?"]
[Date "2016.10.04"]
[Round "19.11"]
[White "Travkina, Anastasia"]
[Black "Nechaeva, Marina"]
[Result "0-1"]
[LiveChessVersion "1.4.4"]
[BlackElo "2351"]
[WhiteElo "2168"]

1. e4 {[%clk 0:03:04]} c6 {[%clk 0:03:04]} 2. d4 {[%clk 0:03:05]} d5
{[%clk 0:03:05]} 3. Nc3 {[%clk 0:03:06]} dxe4 {[%clk 0:03:06]} 4. Nxe4
{[%clk 0:03:08]} Bf5 {[%clk 0:03:07]} 5. Ng3 {[%clk 0:03:09]} Bg6
{[%clk 0:03:08]} 6. N1e2 {[%clk 0:03:10]} Nd7 {[%clk 0:03:07]} 7. h4
{[%clk 0:03:10]} h6 {[%clk 0:03:05]} 8. Nf4 {[%clk 0:03:10]} Bh7 {[%clk 0:03:05]}
9. Bc4 {[%clk 0:03:10]} e6 {[%clk 0:02:49]} 10. Ngh5 {[%clk 0:03:02]} Nb6
{[%clk 0:02:45]} 11. Bb3 {[%clk 0:03:01]} Nf6 {[%clk 0:02:28]} 12. O-O
{[%clk 0:03:00]} Nxh5 {[%clk 0:02:27]} 13. Qxh5 {[%clk 0:03:00]} g6
{[%clk 0:02:15]} 14. Qg4 {[%clk 0:02:39]} Nd5 {[%clk 0:01:58]} 15. Nxd5
{[%clk 0:02:26]} cxd5 {[%clk 0:01:57]} 16. Ba4+ {[%clk 0:02:26]} Ke7
{[%clk 0:01:58]} 17. Re1 {[%clk 0:02:24]} Bg7 {[%clk 0:01:46]} 18. Bb3
{[%clk 0:01:58]} Kf8 {[%clk 0:01:27]} 19. Re3 {[%clk 0:01:34]} Rc8
{[%clk 0:01:10]} 20. c3 {[%clk 0:01:35]} Bf6 {[%clk 0:00:59]} 21. Rf3
{[%clk 0:01:35]} Kg7 {[%clk 0:00:58]} 22. Qf4 {[%clk 0:01:23]} Bg8
{[%clk 0:00:46]} 23. Rh3 {[%clk 0:00:53]} g5 {[%clk 0:00:42]} 24. hxg5
{[%clk 0:00:50]} hxg5 {[%clk 0:00:43]} 25. Qg3 {[%clk 0:00:50]} Rxh3
{[%clk 0:00:43]} 26. Qxh3 {[%clk 0:00:51]} Bh7 {[%clk 0:00:42]} 27. Be3
{[%clk 0:00:37]} Bg6 {[%clk 0:00:41]} 28. Qg3 {[%clk 0:00:36]} Be7
{[%clk 0:00:32]} 29. f3 {[%clk 0:00:36]} f6 {[%clk 0:00:32]} 30. Kf2
{[%clk 0:00:37]} Bd6 {[%clk 0:00:32]} 31. Qh3 {[%clk 0:00:37]} Qe7
{[%clk 0:00:31]} 32. Qh1 {[%clk 0:00:33]} Rh8 {[%clk 0:00:32]} 33. Qf1
{[%clk 0:00:33]} Qc7 {[%clk 0:00:31]} 34. Qb5 {[%clk 0:00:34]} Bg3+
{[%clk 0:00:31]} 35. Ke2 {[%clk 0:00:35]} a6 {[%clk 0:00:31]} 36. Qa4
{[%clk 0:00:25]} Rh2 {[%clk 0:00:30]} 37. Rg1 {[%clk 0:00:25]} Bd6
{[%clk 0:00:17]} 38. c4 {[%clk 0:00:27]} dxc4 39. Qxc4 {[%clk 0:00:28]} Bf7
{[%clk 0:00:14]} 40. Qxc7 Bxc7 {[%clk 0:00:15]} 41. Rc1 {[%clk 0:00:24]} Bd6
{[%clk 0:00:15]} 42. Kf2 {[%clk 0:00:24]} Rh8 {[%clk 0:00:12]} 43. Rc4
{[%clk 0:00:17]} Rd8 {[%clk 0:00:12]} 44. Rc1 {[%clk 0:00:16]} Bb8
{[%clk 0:00:12]} 45. Rh1 {[%clk 0:00:16]} Ba7 {[%clk 0:00:11]} 46. Rd1
{[%clk 0:00:16]} Kf8 {[%clk 0:00:09]} 47. g3 {[%clk 0:00:18]} Ke7
{[%clk 0:00:10]} 48. f4 {[%clk 0:00:19]} gxf4 {[%clk 0:00:11]} 49. Bxf4
{[%clk 0:00:20]} e5 {[%clk 0:00:11]} 50. Be3 {[%clk 0:00:18]} Bxb3
{[%clk 0:00:12]} 51. axb3 {[%clk 0:00:18]} Ke6 {[%clk 0:00:13]} 52. d5+
{[%clk 0:00:18]} Rxd5 {[%clk 0:00:12]} 53. Rc1 {[%clk 0:00:10]} Bxe3+
{[%clk 0:00:12]} 54. Kxe3 {[%clk 0:00:11]} Rb5 {[%clk 0:00:14]} 55. Rc3
{[%clk 0:00:10]} Kf5 {[%clk 0:00:15]} 56. Kf2 {[%clk 0:00:10]} Kg5
{[%clk 0:00:15]} 57. Kg2 {[%clk 0:00:09]} f5 {[%clk 0:00:16]} 58. Kf3
{[%clk 0:00:09]} e4+ {[%clk 0:00:17]} 59. Kg2 {[%clk 0:00:08]} Rd5
{[%clk 0:00:16]} 60. Rc7 {[%clk 0:00:08]} Rd2+ {[%clk 0:00:17]} 61. Kh3
{[%clk 0:00:09]} Rxb2 {[%clk 0:00:17]} 62. Rg7+ {[%clk 0:00:08]} Kf6
{[%clk 0:00:18]} 63. Rxb7 {[%clk 0:00:09]} e3 {[%clk 0:00:18]} 64. Rb6+
{[%clk 0:00:09]} Ke5 {[%clk 0:00:19]} 65. Rxa6 {[%clk 0:00:09]} Rxb3
{[%clk 0:00:20]} 66. Ra5+ {[%clk 0:00:08]} Ke4 {[%clk 0:00:21]} 67. Ra4+
{[%clk 0:00:09]} Kd3 {[%clk 0:00:21]} 68. Kg2 {[%clk 0:00:08]} Rb2+
{[%clk 0:00:20]} 69. Kf1 {[%clk 0:00:05]} Rf2+ {[%clk 0:00:19]} 70. Ke1
{[%clk 0:00:03]} Rg2 {[%clk 0:00:19]} 71. Ra3+ {[%clk 0:00:04]} Ke4
{[%clk 0:00:20]} 72. Ra4+ {[%clk 0:00:03]} Ke5 {[%clk 0:00:21]} 73. Ra5+
{[%clk 0:00:04]} Kf6 {[%clk 0:00:22]} 74. Ra3 {[%clk 0:00:05]} Rxg3
{[%clk 0:00:22]} 75. Ke2 {[%clk 0:00:06]} f4 {[%clk 0:00:23]} 76. Ra5
{[%clk 0:00:07]} Rg2+ {[%clk 0:00:23]} 77. Kf3 {[%clk 0:00:08]} Rf2+
{[%clk 0:00:24]} 78. Ke4 {[%clk 0:00:09]} e2 {[%clk 0:00:25]} 79. Ra1
{[%clk 0:00:10]} Rf1 {[%clk 0:00:26]} 80. Kd4 Ke5+ 0-1

[Event "Russiablitzwomen"]
[Site "?"]
[Date "2016.10.04"]
[Round "19.13"]
[White "Semenova, Elena"]
[Black "Shaydullina, Sandugach"]
[Result "0-1"]
[LiveChessVersion "1.4.4"]
[BlackElo "2198"]
[WhiteElo "2138"]

1. e4 {[%clk 0:03:04]} c5 {[%clk 0:03:04]} 2. Nf3 {[%clk 0:03:04]} Nc6
{[%clk 0:03:05]} 3. Bb5 {[%clk 0:03:05]} d6 {[%clk 0:03:06]} 4. d4
{[%clk 0:03:06]} cxd4 5. Qxd4 {[%clk 0:03:07]} Qa5+ {[%clk 0:03:08]} 6. Nc3
{[%clk 0:03:07]} Qxb5 {[%clk 0:03:09]} 7. Nxb5 {[%clk 0:03:05]} Nxd4
{[%clk 0:03:10]} 8. Nfxd4 {[%clk 0:03:06]} Kd8 {[%clk 0:03:11]} 9. c4
{[%clk 0:03:04]} Nf6 {[%clk 0:03:10]} 10. Nc3 {[%clk 0:03:05]} a6
{[%clk 0:03:09]} 11. f3 {[%clk 0:03:04]} g6 {[%clk 0:03:05]} 12. Be3
{[%clk 0:03:05]} Bg7 {[%clk 0:03:07]} 13. O-O-O {[%clk 0:02:58]} Nd7
{[%clk 0:03:01]} 14. Kb1 {[%clk 0:02:55]} e6 {[%clk 0:02:58]} 15. Na4
{[%clk 0:02:33]} Ke7 {[%clk 0:02:58]} 16. Nb3 {[%clk 0:02:27]} b5
{[%clk 0:02:56]} 17. cxb5 {[%clk 0:02:21]} axb5 {[%clk 0:02:57]} 18. Nb6
{[%clk 0:02:08]} Nxb6 {[%clk 0:02:57]} 19. Bxb6 {[%clk 0:02:09]} Ra6
{[%clk 0:02:51]} 20. Be3 {[%clk 0:01:43]} Bd7 {[%clk 0:02:43]} 21. Rd2
{[%clk 0:01:26]} Rc8 {[%clk 0:02:39]} 22. Rhd1 {[%clk 0:01:25]} b4
{[%clk 0:02:26]} 23. Bg5+ {[%clk 0:01:12]} f6 {[%clk 0:02:27]} 24. Bf4
{[%clk 0:00:48]} e5 {[%clk 0:02:28]} 25. Be3 {[%clk 0:00:50]} Be6
{[%clk 0:02:28]} 26. Nc1 {[%clk 0:00:36]} Rac6 {[%clk 0:02:11]} 27. Ne2
{[%clk 0:00:28]} f5 {[%clk 0:01:43]} 28. Bg5+ {[%clk 0:00:20]} Kd7
{[%clk 0:01:44]} 29. Be3 {[%clk 0:00:18]} Ra8 {[%clk 0:01:39]} 30. b3
{[%clk 0:00:17]} Rca6 {[%clk 0:01:27]} 31. Nc1 {[%clk 0:00:16]} Rc8
{[%clk 0:01:18]} 32. Nd3 {[%clk 0:00:17]} Ke7 {[%clk 0:00:53]} 33. Nxb4
{[%clk 0:00:17]} Ra3 {[%clk 0:00:46]} 34. Rxd6 {[%clk 0:00:15]} Rc3
{[%clk 0:00:35]} 35. Nc6+ {[%clk 0:00:15]} Kf8 {[%clk 0:00:33]} 36. Rxe6
{[%clk 0:00:13]} Rxe3 {[%clk 0:00:28]} 37. Rd8+ {[%clk 0:00:11]} Kf7
{[%clk 0:00:29]} 38. Re7+ {[%clk 0:00:12]} Kf6 {[%clk 0:00:29]} 39. Rd6+
{[%clk 0:00:13]} Kg5 {[%clk 0:00:27]} 40. Rxg7 {[%clk 0:00:10]} Re2
{[%clk 0:00:25]} 41. Nb4 {[%clk 0:00:09]} fxe4 {[%clk 0:00:25]} 42. fxe4
{[%clk 0:00:10]} Rxe4 {[%clk 0:00:25]} 43. Rb6 {[%clk 0:00:12]} Re2
{[%clk 0:00:23]} 44. Rc7 {[%clk 0:00:12]} Rxg2 {[%clk 0:00:23]} 45. Rc2
{[%clk 0:00:14]} Rg1+ {[%clk 0:00:23]} 46. Kb2 {[%clk 0:00:15]} Ra8
{[%clk 0:00:23]} 47. Re6 {[%clk 0:00:16]} Kf5 {[%clk 0:00:23]} 48. Re7
{[%clk 0:00:17]} Rg4 {[%clk 0:00:21]} 49. Rf2+ {[%clk 0:00:17]} Kg5
{[%clk 0:00:21]} 50. Rxe5+ {[%clk 0:00:18]} Kh6 {[%clk 0:00:22]} 51. Nc2
{[%clk 0:00:19]} Rd8 {[%clk 0:00:18]} 52. Ree2 {[%clk 0:00:20]} Rd3
{[%clk 0:00:19]} 53. Rg2 {[%clk 0:00:19]} Rh4 {[%clk 0:00:20]} 54. Re7
{[%clk 0:00:19]} Rf4 {[%clk 0:00:17]} 55. Rg3 {[%clk 0:00:16]} Rd2
{[%clk 0:00:15]} 56. Rh3+ {[%clk 0:00:17]} Kg5 {[%clk 0:00:16]} 57. Kc3
{[%clk 0:00:16]} Rff2 {[%clk 0:00:17]} 58. Rg3+ {[%clk 0:00:16]} Kf6
{[%clk 0:00:16]} 59. Rf3+ {[%clk 0:00:15]} Rxf3+ {[%clk 0:00:15]} 60. Kxd2
{[%clk 0:00:15]} Kxe7 {[%clk 0:00:16]} 61. Nd4 {[%clk 0:00:07]} Rf2+
{[%clk 0:00:17]} 62. Kd3 {[%clk 0:00:07]} Rxa2 {[%clk 0:00:18]} 63. h4
{[%clk 0:00:06]} Kd6 {[%clk 0:00:18]} 64. b4 {[%clk 0:00:05]} Ra3+
{[%clk 0:00:18]} 65. Ke4 {[%clk 0:00:05]} Rf3 66. Nxf3 {[%clk 0:00:06]} Kc6
{[%clk 0:00:18]} 67. Kf4 {[%clk 0:00:07]} Kb5 {[%clk 0:00:18]} 68. Kg4
{[%clk 0:00:08]} h6 {[%clk 0:00:20]} 69. Kh3 {[%clk 0:00:10]} 0-1

[Event "Russiablitzwomen"]
[Site "?"]
[Date "2016.10.04"]
[Round "20.1"]
[White "Pogonina, Natalija"]
[Black "Charochkina, Daria"]
[Result "1-0"]
[LiveChessVersion "1.4.4"]
[BlackElo "2333"]
[WhiteElo "2402"]

1. d4 {[%clk 0:03:02]} f5 {[%clk 0:03:03]} 2. c4 {[%clk 0:03:00]} Nf6
{[%clk 0:03:04]} 3. Nc3 {[%clk 0:02:57]} e6 {[%clk 0:03:05]} 4. Bf4
{[%clk 0:02:51]} Bb4 {[%clk 0:02:52]} 5. Qc2 {[%clk 0:02:49]} O-O
{[%clk 0:02:50]} 6. e3 {[%clk 0:02:44]} b6 {[%clk 0:02:49]} 7. Bd3
{[%clk 0:02:39]} Bb7 {[%clk 0:02:49]} 8. f3 {[%clk 0:02:24]} c5 {[%clk 0:02:50]}
9. Nge2 {[%clk 0:02:21]} Nc6 {[%clk 0:02:47]} 10. a3 {[%clk 0:02:12]} Bxc3+
{[%clk 0:02:47]} 11. bxc3 {[%clk 0:02:11]} Rc8 {[%clk 0:02:42]} 12. O-O
{[%clk 0:02:07]} Na5 {[%clk 0:02:41]} 13. dxc5 {[%clk 0:01:55]} bxc5
{[%clk 0:02:39]} 14. Bd6 {[%clk 0:01:45]} Rf7 {[%clk 0:02:39]} 15. Rab1
{[%clk 0:01:44]} Ne8 {[%clk 0:02:17]} 16. Bg3 {[%clk 0:01:44]} d5
{[%clk 0:02:17]} 17. cxd5 {[%clk 0:01:32]} Qxd5 {[%clk 0:01:49]} 18. c4
{[%clk 0:01:29]} Qd8 {[%clk 0:01:47]} 19. Rfd1 {[%clk 0:01:27]} Qe7
{[%clk 0:01:42]} 20. Nc3 {[%clk 0:01:20]} Nc6 {[%clk 0:01:32]} 21. Be2
{[%clk 0:01:19]} Ba8 {[%clk 0:01:25]} 22. Nb5 {[%clk 0:01:18]} e5
{[%clk 0:01:21]} 23. Nc3 {[%clk 0:01:18]} Nc7 {[%clk 0:01:15]} 24. Nd5
{[%clk 0:01:18]} Qe8 {[%clk 0:01:11]} 25. Bd3 {[%clk 0:01:16]} g6
{[%clk 0:01:06]} 26. Qc3 {[%clk 0:01:06]} Qe6 {[%clk 0:01:07]} 27. Bc2
{[%clk 0:01:05]} Re8 {[%clk 0:01:03]} 28. Ba4 {[%clk 0:01:04]} f4
{[%clk 0:00:50]} 29. Bxc6 {[%clk 0:00:58]} Bxc6 {[%clk 0:00:47]} 30. Nxc7
{[%clk 0:00:55]} Rxc7 {[%clk 0:00:48]} 31. exf4 {[%clk 0:00:55]} exf4
{[%clk 0:00:40]} 32. Bxf4 {[%clk 0:00:56]} Rf7 {[%clk 0:00:40]} 33. Rd6
{[%clk 0:00:52]} Qe2 {[%clk 0:00:41]} 34. Rxc6 {[%clk 0:00:38]} Rxf4
{[%clk 0:00:41]} 35. Rc7 {[%clk 0:00:36]} Qe3+ {[%clk 0:00:24]} 36. Qxe3
{[%clk 0:00:35]} Rxe3 {[%clk 0:00:25]} 37. Rxa7 {[%clk 0:00:29]} Rc3
{[%clk 0:00:19]} 38. Rb8+ {[%clk 0:00:28]} Rf8 {[%clk 0:00:21]} 39. Rbb7
{[%clk 0:00:29]} Rxc4 {[%clk 0:00:17]} 40. Rg7+ {[%clk 0:00:30]} 1-0

[Event "Russiablitzwomen"]
[Site "?"]
[Date "2016.10.04"]
[Round "20.9"]
[White "Baraeva, Marina"]
[Black "Potapova, Margarita"]
[Result "1/2-1/2"]
[LiveChessVersion "1.4.4"]
[BlackElo "1965"]
[WhiteElo "2170"]

1. d4 {[%clk 0:03:02]} d6 {[%clk 0:03:02]} 2. Nf3 {[%clk 0:03:02]} Nd7
{[%clk 0:03:02]} 3. c4 {[%clk 0:03:02]} e5 {[%clk 0:03:02]} 4. Nc3
{[%clk 0:03:02]} g6 {[%clk 0:03:02]} 5. e4 {[%clk 0:03:02]} Bg7 {[%clk 0:03:02]}
6. Be2 {[%clk 0:03:02]} exd4 {[%clk 0:03:02]} 7. Nxd4 {[%clk 0:03:02]} Ngf6
{[%clk 0:02:59]} 8. O-O {[%clk 0:02:59]} O-O {[%clk 0:02:59]} 9. Be3
{[%clk 0:02:47]} Nc5 {[%clk 0:02:54]} 10. f3 {[%clk 0:02:40]} a5 {[%clk 0:02:55]}
11. Rc1 {[%clk 0:02:34]} Re8 {[%clk 0:02:47]} 12. Qc2 {[%clk 0:02:33]} Nfd7
{[%clk 0:02:44]} 13. Bf2 {[%clk 0:02:22]} Ne5 {[%clk 0:02:40]} 14. b3
{[%clk 0:02:20]} Na6 {[%clk 0:02:30]} 15. a3 {[%clk 0:02:17]} Bd7
{[%clk 0:02:00]} 16. Rfd1 {[%clk 0:02:09]} Qg5 {[%clk 0:01:40]} 17. Nd5
{[%clk 0:02:01]} Bh3 {[%clk 0:01:31]} 18. Bg3 {[%clk 0:01:51]} c6
{[%clk 0:01:09]} 19. f4 {[%clk 0:01:37]} Qd8 {[%clk 0:01:07]} 20. fxe5
{[%clk 0:01:27]} dxe5 {[%clk 0:00:59]} 21. gxh3 {[%clk 0:01:26]} exd4
{[%clk 0:00:55]} 22. Nf4 {[%clk 0:01:23]} Nc5 {[%clk 0:00:51]} 23. Bf3
{[%clk 0:01:11]} h5 {[%clk 0:00:43]} 24. h4 {[%clk 0:00:55]} Bh6 {[%clk 0:00:41]}
25. Qf2 {[%clk 0:00:38]} Nxb3 {[%clk 0:00:37]} 26. Rb1 {[%clk 0:00:37]} a4
{[%clk 0:00:38]} 27. Rd3 {[%clk 0:00:31]} Qf6 {[%clk 0:00:34]} 28. Bd1
{[%clk 0:00:31]} Rxe4 {[%clk 0:00:30]} 29. Ng2 {[%clk 0:00:26]} Qe7
{[%clk 0:00:26]} 30. Bxb3 {[%clk 0:00:23]} axb3 {[%clk 0:00:27]} 31. Rdxb3
{[%clk 0:00:23]} Re2 {[%clk 0:00:21]} 32. Qf3 {[%clk 0:00:20]} Qe4
{[%clk 0:00:10]} 33. Qxe4 {[%clk 0:00:18]} Rxe4 {[%clk 0:00:11]} 34. Rd1
{[%clk 0:00:16]} f5 {[%clk 0:00:10]} 35. Bf2 {[%clk 0:00:16]} Rd8
{[%clk 0:00:08]} 36. Rxb7 {[%clk 0:00:15]} d3 {[%clk 0:00:09]} 37. Rb3
{[%clk 0:00:12]} d2 {[%clk 0:00:09]} 38. Kf1 {[%clk 0:00:09]} Rxc4
{[%clk 0:00:10]} 39. Be3 {[%clk 0:00:09]} Rc1 {[%clk 0:00:10]} 40. Ke2
{[%clk 0:00:09]} Bxe3 41. Nxe3 {[%clk 0:00:10]} f4 {[%clk 0:00:07]} 42. Rxd2
{[%clk 0:00:06]} Rxd2+ {[%clk 0:00:07]} 43. Kxd2 {[%clk 0:00:07]} Rh1
{[%clk 0:00:04]} 44. Nc4 {[%clk 0:00:08]} Rxh2+ {[%clk 0:00:05]} 45. Ke1
{[%clk 0:00:10]} Rxh4 {[%clk 0:00:06]} 46. Ne5 {[%clk 0:00:10]} Rh1+
{[%clk 0:00:06]} 47. Kf2 {[%clk 0:00:12]} Kg7 {[%clk 0:00:04]} 48. Nxc6
{[%clk 0:00:11]} Rc1 {[%clk 0:00:05]} 49. Nd4 {[%clk 0:00:12]} h4
{[%clk 0:00:05]} 50. Kg2 {[%clk 0:00:11]} Rc4 {[%clk 0:00:06]} 51. Nf3
{[%clk 0:00:12]} h3+ {[%clk 0:00:06]} 52. Kxh3 {[%clk 0:00:13]} Kf6
{[%clk 0:00:07]} 53. Kg4 {[%clk 0:00:14]} Ra4 {[%clk 0:00:07]} 54. Nd2
{[%clk 0:00:13]} Rd4 {[%clk 0:00:07]} 55. Nf3 {[%clk 0:00:14]} Ra4
{[%clk 0:00:09]} 56. Nh4 {[%clk 0:00:15]} f3+ {[%clk 0:00:07]} 57. Kg3
{[%clk 0:00:15]} f2 {[%clk 0:00:07]} 58. Rf3+ {[%clk 0:00:16]} Ke6
{[%clk 0:00:08]} 59. Ng2 {[%clk 0:00:10]} Rxa3 {[%clk 0:00:05]} 60. Kxf2
{[%clk 0:00:10]} Rxf3+ {[%clk 0:00:05]} 61. Kxf3 {[%clk 0:00:11]} Ke5 62. Ke4+
1/2-1/2

[Event "Russiablitzwomen"]
[Site "?"]
[Date "2016.10.04"]
[Round "20.10"]
[White "Komiagina, Maria"]
[Black "Makarenko, Alexandra"]
[Result "1-0"]
[LiveChessVersion "1.4.4"]
[BlackElo "2069"]
[WhiteElo "2048"]

1. e4 {[%clk 0:03:03]} e5 {[%clk 0:03:02]} 2. Nf3 {[%clk 0:03:04]} Nc6
{[%clk 0:03:03]} 3. Bb5 {[%clk 0:03:05]} Nd4 {[%clk 0:02:58]} 4. Nxd4
{[%clk 0:03:05]} exd4 {[%clk 0:02:59]} 5. O-O {[%clk 0:03:01]} Bc5
{[%clk 0:02:59]} 6. d3 {[%clk 0:02:53]} c6 {[%clk 0:03:01]} 7. Ba4
{[%clk 0:02:54]} Qf6 {[%clk 0:02:39]} 8. f4 {[%clk 0:02:52]} d6 {[%clk 0:02:40]}
9. Qf3 {[%clk 0:02:37]} h5 {[%clk 0:02:38]} 10. f5 {[%clk 0:02:34]} Bd7
{[%clk 0:02:30]} 11. a3 {[%clk 0:02:31]} Ne7 {[%clk 0:02:27]} 12. b4 Bb6 13. Bb3
{[%clk 0:02:33]} O-O-O {[%clk 0:02:27]} 14. Bb2 {[%clk 0:02:24]} d5
{[%clk 0:02:23]} 15. Nd2 {[%clk 0:02:25]} dxe4 {[%clk 0:02:20]} 16. Nxe4
{[%clk 0:02:23]} Qe5 {[%clk 0:02:18]} 17. Ng5 {[%clk 0:01:51]} Bxf5
{[%clk 0:01:52]} 18. Nxf7 {[%clk 0:01:48]} Qf6 {[%clk 0:01:38]} 19. Nxd8
{[%clk 0:01:45]} Rxd8 {[%clk 0:01:39]} 20. Rae1 {[%clk 0:01:43]} g6
{[%clk 0:01:33]} 21. Bc1 {[%clk 0:01:36]} Bc7 {[%clk 0:01:14]} 22. Be6+
{[%clk 0:01:19]} Kb8 {[%clk 0:00:57]} 23. Bxf5 {[%clk 0:01:19]} Nxf5
{[%clk 0:00:58]} 24. Bf4 {[%clk 0:01:14]} Rf8 {[%clk 0:00:45]} 25. Bxc7+
{[%clk 0:01:06]} Kxc7 {[%clk 0:00:45]} 26. Qe4 {[%clk 0:01:01]} Qg5
{[%clk 0:00:38]} 27. Qf4+ {[%clk 0:00:44]} Qxf4 {[%clk 0:00:39]} 28. Rxf4
{[%clk 0:00:46]} Kd6 {[%clk 0:00:36]} 29. g3 {[%clk 0:00:36]} b6 {[%clk 0:00:36]}
30. Rfe4 {[%clk 0:00:36]} Rf6 {[%clk 0:00:37]} 31. Rf1 {[%clk 0:00:29]} c5
{[%clk 0:00:38]} 32. bxc5+ {[%clk 0:00:28]} bxc5 {[%clk 0:00:39]} 33. h3
{[%clk 0:00:23]} Re6 {[%clk 0:00:20]} 34. Rxe6+ {[%clk 0:00:16]} Kxe6
{[%clk 0:00:21]} 35. Kf2 {[%clk 0:00:16]} Ne3 {[%clk 0:00:23]} 36. Rc1
{[%clk 0:00:15]} Kd5 {[%clk 0:00:23]} 37. c3 {[%clk 0:00:15]} a5 {[%clk 0:00:18]}
38. c4+ {[%clk 0:00:14]} Kc6 {[%clk 0:00:13]} 39. Kf3 {[%clk 0:00:15]} g5
{[%clk 0:00:09]} 40. g4 {[%clk 0:00:15]} hxg4+ {[%clk 0:00:10]} 41. hxg4
{[%clk 0:00:16]} Kd6 {[%clk 0:00:11]} 42. Rb1 {[%clk 0:00:15]} Nc2
{[%clk 0:00:12]} 43. Rb5 {[%clk 0:00:15]} Nxa3 {[%clk 0:00:13]} 44. Rxa5
{[%clk 0:00:15]} Nb1 {[%clk 0:00:12]} 45. Ra6+ {[%clk 0:00:15]} Ke5
{[%clk 0:00:13]} 46. Rc6 {[%clk 0:00:15]} Nd2+ {[%clk 0:00:12]} 47. Ke2
{[%clk 0:00:16]} Nb3 {[%clk 0:00:12]} 48. Rb6 {[%clk 0:00:17]} Nc1+
{[%clk 0:00:06]} 49. Kd2 {[%clk 0:00:18]} Na2 {[%clk 0:00:07]} 50. Rb5
{[%clk 0:00:16]} Kd6 {[%clk 0:00:08]} 51. Ra5 {[%clk 0:00:15]} Nb4
{[%clk 0:00:07]} 52. Ra8 {[%clk 0:00:15]} Ke5 {[%clk 0:00:08]} 53. Rf8
{[%clk 0:00:15]} Ke6 {[%clk 0:00:05]} 54. Rf5 {[%clk 0:00:15]} Nc6
{[%clk 0:00:03]} 55. Rxc5 {[%clk 0:00:15]} Ne7 {[%clk 0:00:04]} 56. Rxg5
{[%clk 0:00:16]} Kf6 {[%clk 0:00:05]} 57. Ra5 {[%clk 0:00:16]} Kg6
{[%clk 0:00:04]} 58. Ke2 {[%clk 0:00:15]} Nc8 {[%clk 0:00:03]} 59. Kf3
{[%clk 0:00:15]} Ne7 {[%clk 0:00:03]} 60. Ke4 {[%clk 0:00:15]} Kf6
{[%clk 0:00:03]} 61. Ra6+ {[%clk 0:00:15]} Kg5 {[%clk 0:00:04]} 62. Re6
{[%clk 0:00:16]} Ng8 {[%clk 0:00:03]} 63. Kxd4 {[%clk 0:00:16]} Kxg4 64. Rg6+ Kf5
65. Rxg8 Ke4+ 66. Kxe4 1-0

[Event "Russiablitzwomen"]
[Site "?"]
[Date "2016.10.04"]
[Round "22.3"]
[White "Pogonina, Natalija"]
[Black "Nebolsina, Vera"]
[Result "1-0"]
[LiveChessVersion "1.4.4"]
[BlackElo "2226"]
[WhiteElo "2402"]

1. d4 {[%clk 0:03:03]} f5 {[%clk 0:03:02]} 2. c4 {[%clk 0:03:02]} Nf6
{[%clk 0:03:03]} 3. Nc3 {[%clk 0:03:02]} d6 {[%clk 0:03:00]} 4. e3
{[%clk 0:02:55]} g6 {[%clk 0:02:55]} 5. Nf3 {[%clk 0:02:52]} Bg7 {[%clk 0:02:54]}
6. b3 {[%clk 0:02:48]} c6 {[%clk 0:02:23]} 7. Bb2 {[%clk 0:02:44]} Be6
{[%clk 0:02:13]} 8. Be2 {[%clk 0:02:39]} h6 {[%clk 0:02:11]} 9. O-O
{[%clk 0:02:37]} Bf7 {[%clk 0:02:07]} 10. Qc2 {[%clk 0:02:34]} Nbd7
{[%clk 0:02:04]} 11. e4 {[%clk 0:02:32]} fxe4 {[%clk 0:01:49]} 12. Nxe4
{[%clk 0:02:32]} Nxe4 {[%clk 0:01:49]} 13. Qxe4 {[%clk 0:02:32]} Nf6
{[%clk 0:01:50]} 14. Qc2 {[%clk 0:02:28]} Qd7 {[%clk 0:01:31]} 15. Nh4
{[%clk 0:02:09]} g5 {[%clk 0:01:13]} 16. Nf5 {[%clk 0:02:08]} Bf8
{[%clk 0:01:12]} 17. Bd3 {[%clk 0:02:00]} O-O-O {[%clk 0:01:08]} 18. d5
{[%clk 0:01:58]} c5 {[%clk 0:01:00]} 19. Bxf6 {[%clk 0:01:45]} exf6
{[%clk 0:00:58]} 20. Ng3 {[%clk 0:01:40]} Kb8 {[%clk 0:00:57]} 21. Bf5
{[%clk 0:01:40]} Qc7 {[%clk 0:00:56]} 22. Rfe1 {[%clk 0:01:39]} h5
{[%clk 0:00:56]} 23. Be6 {[%clk 0:01:33]} h4 {[%clk 0:00:50]} 24. Nf5
{[%clk 0:01:32]} Bg6 {[%clk 0:00:50]} 25. Qc3 {[%clk 0:01:28]} Bg7
{[%clk 0:00:45]} 26. a3 {[%clk 0:01:23]} Rde8 {[%clk 0:00:46]} 27. b4
{[%clk 0:01:21]} Rxe6 {[%clk 0:00:45]} 28. dxe6 {[%clk 0:01:14]} Bxf5
{[%clk 0:00:46]} 29. e7 {[%clk 0:01:10]} Re8 {[%clk 0:00:47]} 30. Qf3
{[%clk 0:00:55]} Bg6 {[%clk 0:00:42]} 31. bxc5 {[%clk 0:00:54]} Rxe7
{[%clk 0:00:34]} 32. Qd5 {[%clk 0:00:40]} dxc5 {[%clk 0:00:21]} 33. Qg8+
{[%clk 0:00:32]} Be8 {[%clk 0:00:22]} 34. Qxe8+ {[%clk 0:00:31]} Rxe8
{[%clk 0:00:23]} 35. Rxe8+ {[%clk 0:00:32]} Qc8 {[%clk 0:00:25]} 36. Rxc8+
{[%clk 0:00:32]} Kxc8 {[%clk 0:00:26]} 37. Rd1 {[%clk 0:00:33]} f5
{[%clk 0:00:26]} 38. Rd5 {[%clk 0:00:33]} Bd4 {[%clk 0:00:25]} 39. Rxf5
{[%clk 0:00:33]} a6 {[%clk 0:00:26]} 40. Rxg5 {[%clk 0:00:33]} b5
{[%clk 0:00:27]} 41. cxb5 {[%clk 0:00:29]} axb5 {[%clk 0:00:29]} 42. Kf1
{[%clk 0:00:28]} Kc7 {[%clk 0:00:28]} 43. Ke2 {[%clk 0:00:29]} Kc6
{[%clk 0:00:29]} 44. f4 {[%clk 0:00:27]} Bb2 {[%clk 0:00:25]} 45. f5
{[%clk 0:00:26]} Bxa3 {[%clk 0:00:25]} 46. f6 {[%clk 0:00:26]} c4
{[%clk 0:00:26]} 47. f7 {[%clk 0:00:26]} c3 {[%clk 0:00:26]} 48. Kd3
{[%clk 0:00:27]} Be7 {[%clk 0:00:24]} 49. Rg8 {[%clk 0:00:26]} b4
{[%clk 0:00:25]} 50. f8=Q {[%clk 0:00:25]} Kd5 {[%clk 0:03:02]} 51. Ke4+ 1-0